000 aam a22 a 4500
999 _c2998
_d2998
003 AKMAL
005 20170519084920.0
008 170519s1982 us 00 eng d
020 _a0063380021
040 _aAKMAL
082 0 4 _a658.009 PET
090 0 0 _a658.009
_bPET
100 1 _aPeters, Thomas J.
_91363
245 1 0 _aIn search of excellence :
_blessons from America's best-run companies /
_cby Thomas J. Peters and Robert H. Waterman Jr
260 _aNew York :
_bHarper and Row,
_c1982
300 0 0 _a360p. :
_bill. ;
_c21cm
650 0 _aIndustrial management
_zUnited States
_95970
700 1 _aWaterman, Robert H.
_91364
942 _2ddc
_cBOOK